| 000 | 00966nam a2200241 a 4500 | ||
|---|---|---|---|
| 001 | 000023787 | ||
| 005 | 20200930022453.0 | ||
| 008 | 110113s1970 ag a r 000 | spa d | ||
| 040 |
_aDO-SdBNP _bspa _cBNPHU |
||
| 041 |
_aspa _heng _2Código de idioma MARC |
||
| 082 |
_axxx _bS437m |
||
| 100 | 1 |
_aScuorzo, Herbert E. _948961 |
|
| 240 | 1 | 0 |
_aThe practical audio-visual handbook for teachears _lespañol |
| 245 | 1 | 0 |
_aManual práctico de medios audiovisuales / _cHerbert E. Scuorzo; traducción de Iris de Davie. |
| 260 |
_aBuenos Aires : _bCentro Regional de Ayuda Técnica : _bAgencia para el Desarrollo Internacional, _c1970. |
||
| 300 |
_a259 p. : _bil. ; _c23 cm. |
||
| 490 | 1 | 0 | _aPedagogía Práctica |
| 500 | _aIncluye apéndice y notas al pie de páginas | ||
| 534 |
_aTítulo de la edición original : _tThe practical audio-visual handbook for teachears |
||
| 700 | 1 |
_aDavie, Iris de _etr. _948962 |
|
| 830 | 0 |
_aPedagogía Práctica _948963 |
|
| 049 | _aBNGR | ||
| 999 |
_c23283 _d23283 |
||